Szczegóły MARC21

IV Zachodniopomorskie Forum Finanse '99 : konferencja, 27-28 kwietnia 1999 r. : Pieniądze, pieniądze... : wystawa produktów i usług finansowych 27-29 kwietnia 1999 r. : materiały konferencyjne /

005 -DATA I CZAS OSTATNIEJ MODYFIKACJI [,]
    • @
    • pole kontrolne
    • 20100701121011.0
020 -Międzynarod. znormalizowany nr książki - ISBN [ , ]
    • a
    • Numer ISBN
    • 8391036367 Find
040 -Instytucja sporządzająca opis [ , ]
    • a
    • Instytucja, która sporządziła opis (NP)
    • SZCZ U/JC
    • c
    • Instytucja, która sporządziła rekord (NP)
    • SZCZ U/JC
    • d
    • Instytucja, która zmodyfikowała rekord (P)
    • SZCZ U/JŚ
041 -Język dokumentu [0, ]
    • a
    • Język tekstu (P)
    • polski
044 -Kraj miejsca wydania [ , ]
    • a
    • Kraj miejsca wydania
    • Polska
942 -Rodzaj dokumentu [ , ]
    • c
    • Rodzaj dokumentu
    • Książka
111 -Hasło główne - nazwa imprezy [2, ]
    • 9
    • KHW
    • 14693
    • a
    • Nazwa imprezy (NP)
    • Zachodniopomorskie Forum Finanse '99 Find
    • c
    • Miejsce imprezy (NP)
    • Szczecin).
    • d
    • Data imprezy (NP)
    • 1999 ;
    • n
    • Numer imprezy (P)
    • (4 ;
245 -Strefa tytułu i oznaczenia odpowiedzialności [0,0]
    • a
    • Tytuł
    • IV Zachodniopomorskie Forum Finanse '99 : Find
    • c
    • Pozostałe elementy strefy tytułu i oznaczenia odpowiedzialności (NP)
    • Uniwersytet Szczeciński.
    • b
    • Ciąg dalszy tytułu (NP)
    • konferencja, 27-28 kwietnia 1999 r. : Pieniądze, pieniądze... : wystawa produktów i usług finansowych 27-29 kwietnia 1999 r. : materiały konferencyjne / Find
246 -Wariant tytułu [1, ]
    • a
    • Tytuł (NP)
    • Czwarte Zachodniopomorskie Forum Finanse '99
260 -Strefa adresu wydawniczego [ , ]
    • a
    • Miejsce wydania (P)
    • Szczecin :
    • b
    • Nazwa wydawcy (P)
    • Szczecin-EXPO Biuro Promocji,
    • c
    • Data wydania (P)
    • 1999.
300 -Strefa opisu fizycznego [ , ]
    • a
    • Określenie formy książki i/lub objętość (NP)
    • 282, XVI s. :
    • b
    • Oznaczenie ilustracji (NP)
    • il. ;
    • c
    • Format (NP)
    • 29 cm.
500 -Uwaga ogólna [ , ]
    • a
    • Uwaga ogólna (NP)
    • U góry okł.: Zarządzanie finansami publicznymi i prywatnymi - nowe wyzwania. - Opis wg okł.
504 -Uwaga dot. bibliogr. załącznikowej [ , ]
    • a
    • Uwaga dot. bibliografii załącznikowej
    • Bibliogr.
080 -Uniwersalna Klasyfikacja Dziesiętna [ , ]
    • 2
    • Identyfikator wydania tablic
    • UDC-P058
    • 9
    • UKD
    • 3121
    • a
    • Symbol klasyfikacji
    • 336
    • b
    • Dopowiedzenie
    • Finanse. Finanse publiczne. Cła. Bankowość. Pieniądz.
    • 4
    • UKD2
    • 7642
    • x
    • Poddział wspólny
    • (438)
    • c
    • Dopowiedzenie poddz. wspólnego
    • (Polska).
    • 4
    • UKD2
    • 7641
    • x
    • Poddział wspólny
    • (061)
    • c
    • Dopowiedzenie poddz. wspólnego
    • (Wydawnictwa odnoszące się do konferencji, zjazdów itd. Sprawozdania z konferencji).
    • 4
    • UKD2
    • 8619
    • 4
    • UKD2
    • 7992
    • x
    • Poddział wspólny
    • "1989/..."
    • c
    • Dopowiedzenie poddz. wspólnego
    • Od 1989.
980 -Symbol UKD [ , ]
    • a
    • UKD
    • 336(438)(061)"1989/..."
920 -ISBN [ , ]
    • a
    • ISBN
    • 83-910363-6-7 Find
931 -Powiązanie tyt. z wydaw. ciągłym [ , ]
    • z
    • Numer rek. powiązanego
    • 120392
Lokalizacja Data inwentaryzacji Status udost. Sygnatura Numer inwentarzowy Powiązanie z serią
BE2000-05-112S.85797S.857993
T2008-02-19-2T.9840T.9840